| 000 | 01085cab a2200277 4500 | ||
|---|---|---|---|
| 001 | ABS50715 | ||
| 008 | 090401t1994 xxu||||| |||| 00| 0 eng d | ||
| 035 | _a(Sirsi) u19904 | ||
| 041 | _aeng | ||
| 100 | _aFranklin, S. | ||
| 245 | _aComing to America: insights for foreign contractors and their lawyers | ||
| 260 | _c1994 | ||
| 350 | _a0 | ||
| 490 |
_aInternational Construction Law Review _v11(2) April 1994, 152-174(23) |
||
| 520 | _aGuides the would-be contractor on the barriers to participation in the American construction market and on the legal and organisational structures to be found in the USA. Covers immigration, licensing, public sector contracts, government preferences, business associations, documentation and the law. References. | ||
| 650 | _aCONSTRUCTION INDUSTRY | ||
| 650 | _aCONSTRUCTION MARKET | ||
| 650 | _aCONTRACT DOCUMENTATION | ||
| 650 | _aFEDERAL PROCUREMENT | ||
| 650 | _aUNIFORM COMMERCIAL CODE | ||
| 650 | _aUNITED STATES | ||
| 690 | _aBUILT ENVIRONMENT | ||
| 690 | _aOVERSEAS-NORTH AMERICA | ||
| 942 | _n0 | ||
| 948 | _c04/03/1997 | ||
| 999 |
_c13339 _d13339 |
||